00319nam a2200145Ia 45000030006000000050017000060080041000230400009000640410012000730820016000851000017001012450033001182600014001513000008001650Nust20170105110256.0161124s9999 xx 000 0 und d cIGIS aEnglish a658.45bTHI aJohn.V Thill aBusiness Communication Today aPAKc1996 a676